|
|
|
|
| LEADER |
00000nam0a2200000 4500 |
| 001 |
242053 |
| 005 |
20231101231850.0 |
| 010 |
|
|
|a 9785941783632
|
| 035 |
|
|
|a (RuTPU)RU\TPU\book\263349
|
| 090 |
|
|
|a 242053
|
| 100 |
|
|
|a 20130822d2013 m y0rusy50 ca
|
| 101 |
0 |
|
|a rus
|
| 102 |
|
|
|a RU
|
| 105 |
|
|
|a a j 001zy
|
| 200 |
1 |
|
|a Материаловедение
|e практикум
|e учебное пособие
|f В. С. Кушнер [и др.]
|
| 210 |
|
|
|a Старый Оскол
|c ТНТ
|d 2013
|
| 215 |
|
|
|a 208 с.
|c ил.
|
| 320 |
|
|
|a Библиогр.: с. 197.
|
| 330 |
|
|
|a Даны основные рекомендации к самостоятельному изучению разделов дисциплины «Материаловедение», изложены теоретические основы анализа двойных диаграмм, приведены варианты домашних заданий по разбору диаграмм состояния сплавов, их микроструктуре, рациональному выбору состава и обработки .сплавов, а также лабораторные работы по основным разделам куреЪ с заданиями для самостоятельной работы. Практикум предназначен для студентов заочной и дистанционной форм обучения по направлению подготовки «Конструкторско-технологическое обеспечение машиностроительных производств».
|
| 606 |
1 |
|
|a Материаловедение
|2 stltpush
|3 (RuTPU)RU\TPU\subj\41248
|9 61053
|
| 610 |
1 |
|
|a самостоятельное изучение
|
| 610 |
1 |
|
|a рекомендации
|
| 610 |
1 |
|
|a домашние работы
|
| 610 |
1 |
|
|a лабораторные работы
|
| 610 |
1 |
|
|a методические указания
|
| 610 |
1 |
|
|a практикумы
|
| 610 |
1 |
|
|a учебные пособия
|
| 675 |
|
|
|a 620.22(076.5)
|v 3
|
| 701 |
|
1 |
|a Кушнер
|b В. С.
|g Валерий Семенович
|
| 701 |
|
1 |
|a Верещака
|b А. С.
|g Анатолий Степанович
|
| 701 |
|
1 |
|a Схиртладзе
|b А. Г.
|g Александр Георгиевич
|
| 701 |
|
1 |
|a Бургунова
|b О. Ю.
|g Оксана Юрьевна
|
| 701 |
|
1 |
|a Негров
|b Д. А.
|g Дмитрий Анатольевич
|
| 801 |
|
1 |
|a RU
|b 63413507
|c 20130822
|
| 801 |
|
2 |
|a RU
|b 63413507
|c 20221212
|g RCR
|
| 900 |
|
|
|a Материаловедение
|
| 942 |
|
|
|c BK
|
| 951 |
|
|
|b 151900
|
| 959 |
|
|
|a 114/20130822
|d 2
|e 300,00
|f ЧЗТЛ:1
|f АНЛ:1
|